Œufs dans les films d'animation en images - Statistiques

Statistiques générales
  • Ce quiz a été pris 384 fois
  • Le résultat moyen est 13 sur 18
Statistiques - réponses
Par images Réponse % Correct
L'Âge de glace 3 : Le Temps des dinosaures
97%
Ratatouille
97%
Le Monde de Nemo
95%
Le Chat potté
94%
Angry Birds, le film
88%
La Belle et la Bête
87%
Super Mario Bros., le film
87%
Rio 2
81%
Les Mondes de Ralph
77%
Chicken Run : La Menace nuggets
72%
Happy Feet
72%
La Belle au bois dormant
66%
Les Croods
63%
Le Château ambulant
51%
Les Cinq Légendes
49%
Le Robot sauvage
37%
Dofus - Livre I : Julith
33%
L'Œuf de l'ange
3%
Aucun quiz correspondant
Distribution des résultats
% des personnes avec chaque résultat
Percentile par nombre de réponses
Votre historique - résultats
Vous n’avez pas pris ce quiz